000 00486nam a22001577a 4500
003 macl
005 20200315171117.0
008 170602b xxu||||| |||| 00| 0 eng d
040 _cmacl
082 _a891.433/SHA
100 _aशर्मा, मनु
_9220
245 _aअभिशप्‍त कथा
260 _aदिल्‍ली
_bसत्‍ससाहित्‍य प्रकासन
_c2015
650 _aउपन्‍यास
_967292
942 _2ddc
_cHIN
999 _c56423
_d56423